<?xml version="1.0" encoding="UTF-8"?>
<record
    xmlns:xsi="http://www.w3.org/2001/XMLSchema-instance"
    xsi:schemaLocation="http://www.loc.gov/MARC21/slim http://www.loc.gov/standards/marcxml/schema/MARC21slim.xsd"
    xmlns="http://www.loc.gov/MARC21/slim">

  <leader>01312nam a2200217   4500</leader>
  <datafield tag="952" ind1=" " ind2=" ">
    <subfield code="0">0</subfield>
    <subfield code="1">0</subfield>
    <subfield code="4">0</subfield>
    <subfield code="7">0</subfield>
    <subfield code="a">22</subfield>
    <subfield code="b">22</subfield>
    <subfield code="d">2018-03-02</subfield>
    <subfield code="l">0</subfield>
    <subfield code="o">Q180.55M4 C44</subfield>
    <subfield code="p">06 003838</subfield>
    <subfield code="r">2018-03-02</subfield>
    <subfield code="t">1</subfield>
    <subfield code="w">2018-03-02</subfield>
    <subfield code="y">LB</subfield>
  </datafield>
  <datafield tag="999" ind1=" " ind2=" ">
    <subfield code="c">102860</subfield>
    <subfield code="d">102860</subfield>
  </datafield>
  <controlfield tag="003">OSt</controlfield>
  <controlfield tag="005">20231102152045.0</controlfield>
  <controlfield tag="008">180302s2004    sp a|||| |||| 00| 0 spa d</controlfield>
  <datafield tag="020" ind1=" " ind2=" ">
    <subfield code="a">9788479786243</subfield>
  </datafield>
  <datafield tag="050" ind1=" " ind2=" ">
    <subfield code="a">Q180.55M4</subfield>
    <subfield code="b">C44</subfield>
  </datafield>
  <datafield tag="100" ind1="1" ind2=" ">
    <subfield code="a">Cegarra S&#xE1;nchez, Jos&#xE9;</subfield>
    <subfield code="d">1923-</subfield>
    <subfield code="e">autor</subfield>
  </datafield>
  <datafield tag="245" ind1=" " ind2=" ">
    <subfield code="a">Metodolog&#xED;a de la investigaci&#xF3;n cient&#xED;fica y tecnol&#xF3;gica</subfield>
    <subfield code="c">/ Jos&#xE9; Cegarra S&#xE1;nchez</subfield>
  </datafield>
  <datafield tag="260" ind1=" " ind2=" ">
    <subfield code="a">Madrid [Espa&#xF1;a]</subfield>
    <subfield code="b">: Diaz de Santos</subfield>
    <subfield code="c">, 2004</subfield>
  </datafield>
  <datafield tag="300" ind1=" " ind2=" ">
    <subfield code="a">xvi, 356 p&#xE1;ginas</subfield>
  </datafield>
  <datafield tag="500" ind1=" " ind2=" ">
    <subfield code="a">Incluye: &#xCD;ndice Anal&#xED;tico p. 253</subfield>
  </datafield>
  <datafield tag="504" ind1=" " ind2=" ">
    <subfield code="a">Bibliograf&#xED;a en cada cap&#xED;tulo</subfield>
  </datafield>
  <datafield tag="505" ind1=" " ind2=" ">
    <subfield code="a">La ciencia
La tecnolog&#xED;a
La investigaci&#xF3;n cient&#xED;fica y tecnol&#xF3;gica
El investigador y sus caracter&#xED;sticas
Los m&#xE9;todos de la investigaci&#xF3;n
Un m&#xE9;todo general de investigaci&#xF3;n
La investigaci&#xF3;n en la industria
La creatividad en la investigaci&#xF3;n
La difusi&#xF3;n de la investigaci&#xF3;n
La comunicaci&#xF3;n en la innovaci&#xF3;n tecnol&#xF3;gica
Evaluaci&#xF3;n de la eficiencia de la investigaci&#xF3;n
Control de los proyectos de investigaci&#xF3;n
Estructuras de investigaci&#xF3;n y de innovaci&#xF3;n
Actualidad y perspectiva cient&#xED;fica
Actualidad y previsi&#xF3;n tecnol&#xF3;gica
</subfield>
  </datafield>
  <datafield tag="519" ind1=" " ind2=" ">
    <subfield code="a">Plan Flexible /</subfield>
    <subfield code="b">Mercadotecnia Digital /</subfield>
    <subfield code="c">Metodolog&#xED;a de la Investigaci&#xF3;n (M02-2) /</subfield>
    <subfield code="d">(06 003838)</subfield>
  </datafield>
  <datafield tag="650" ind1="1" ind2="4">
    <subfield code="a">INVESTIGACI&#xD3;N</subfield>
    <subfield code="x">METODOLOG&#xCD;A</subfield>
    <subfield code="9">35</subfield>
  </datafield>
  <datafield tag="942" ind1=" " ind2=" ">
    <subfield code="c">LB</subfield>
  </datafield>
</record>
